African countries without green in their flag - Statistics

General Stats
  • This quiz has been taken 30 times
  • The average score is 10 of 11
Answer Stats
Picture Answer % Correct
Chad
96%
D.R. Congo
96%
Egypt
96%
Liberia
96%
Tunisia
96%
Angola
92%
Botswana
92%
Eswatini
92%
Uganda
92%
Cape Verde
88%
Somalia
88%
No matching quizzes found
Score Distribution
Percent of People with Each Score
Percentile by Number Answered
Your Score History
You have not taken this quiz